000 00858nam a2200265 a 4500
008
020 _a0134459660 (cased)
049 _aMAIN
090 _aHF5549.A3
_bDES
100 1 _aDessler, Gary.
245 1 0 _aPersonnel/human resource management /
_cGary Dessler.
250 _a5th ed.
260 _aEnglewood Cliffs, N.J. :
_bPrentice Hall,
_cc1991.
300 _axiv, 751 p. :
_bill. (some col.) ;
_c28 cm.
500 _aRev. ed. of: Personnel management. 4th ed. Englewood Cliffs, N.J. : Prentice Hall, c1988.
504 _aIncludes bibliographical references.
650 _aIncludes indexes.
650 0 _aPersonnel management.
700 1 _aDessler, Gary..
907 _a.b10052719
_b24-04-12
_c17-04-03
003
005 20230123133227.0
040 _cNUST
942 _cBOOKS
_kHF5549.A3
_mDES
999 _c144940
_d144940